Sports Quiz

Random Sports or Auto Racing Quiz

World endurance championship manufacturers champions Quiz Stats

 Plays Quiz not verified by Sporcle

Challenge
Share
Tweet
Embed
Score 0/64 Timer 10:00
0 Plays Today
Year Manufacturer % Correct
1993Not held
100%
1994Not held
100%
1995Not held
100%
1996Not held
100%
1997Not held
100%
1998Not held
100%
1999Not held
100%
2000Not held
100%
2001Not held
100%
2002Not held
100%
2003Not held
100%
2004Not held
100%
2005Not held
100%
2006Not held
100%
2007Not held
100%
2008Not held
100%
2009Not held
100%
1953Ferrari
97%
1954Ferrari
97%
1956Ferrari
97%
1957Ferrari
97%
1958Ferrari
97%
1960Ferrari
97%
1961Ferrari
97%
1962Ferrari
97%
1963Ferrari
97%
1964Ferrari
97%
1967Ferrari
97%
1972Ferrari
97%
1969Porsche
96%
1970Porsche
96%
1971Porsche
96%
Year Manufacturer % Correct
1976Porsche
96%
1977Porsche
96%
1978Porsche
96%
1979Porsche
96%
1982Porsche
96%
1983Porsche
96%
1984Porsche
96%
1985*Porsche
96%
1986*Porsche
96%
2015Porsche
96%
2016Porsche
96%
2012Audi
93%
2013Audi
93%
2014Toyota
93%
1966Ford
87%
1968Ford
87%
1955Mercedes-Benz
86%
1992*Peugeot
85%
2010Peugeot
85%
2011Peugeot
85%
1975Alfa Romeo
75%
1987*Jaguar
72%
1988*Jaguar
72%
1991*Jaguar
72%
1959Aston Martin
71%
1973Matra
59%
1974Matra
59%
1989*Sauber-Mercedes
54%
1990*Sauber-Mercedes
54%
1980Lancia
52%
1981Lancia
52%
1965Shelby
29%

You're not logged in!

Compare scores with friends on all Sporcle quizzes.
Join for Free
OR
Log In

You Might Also Like...

Show Comments

Extras

Top Quizzes Today


Score Distribution

Your Account Isn't Verified!

In order to create a playlist on Sporcle, you need to verify the email address you used during registration. Go to your Sporcle Settings to finish the process.

Report this User

Report this user for behavior that violates our Community Guidelines.

Details: